| 000 | 01040cam a2200325 i 4500 | ||
|---|---|---|---|
| 999 |
_c200421931 _d27343 |
||
| 001 | 200421931 | ||
| 003 | TR-AnTOB | ||
| 005 | 20230907171647.0 | ||
| 007 | ta | ||
| 008 | 150505s2002 tu 001 0 tur d | ||
| 020 | _a9758403028 | ||
| 040 |
_aTR-AnTOB _beng _erda _cTR-AnTOB |
||
| 041 | 0 | _atur | |
| 050 | 4 |
_aHC241.T9 _bÖ946 2002 |
|
| 090 |
_aHC241.T9 _bÖ946 2002 |
||
| 100 | 1 |
_aÖzen, Çınar _eauthor _9106087 |
|
| 245 | 1 | 0 |
_aTürkiye - Avrupa topluluğu gümrük birliği ve tam üyelik süreci üzerine etkileri / _cYrd. Doç. Dr. Çınar Özen. |
| 250 | _a1. Baskı: Mayıs 2002 | ||
| 264 | 1 |
_aİzmir : _bCeylan Kitabevi, _c2002. |
|
| 300 |
_a257 pages ; _c21 cm |
||
| 336 |
_atext _btxt _2rdacontent |
||
| 337 |
_aunmediated _bn _2rdamedia |
||
| 338 |
_avolume _bnc _2rdacarrier |
||
| 500 | _aİncludes index. | ||
| 610 |
_aAvrupa Ekonomik Topluluğu _zTürkiye _934566 |
||
| 650 | 0 | 0 |
_aGümrük birlikleri _zTürkiye _929601 |
| 650 | 0 | 0 |
_aCustoms unions _zTurkey _927533 |
| 942 |
_cBK _2lcc |
||